|
|
|
|
| LEADER |
00000nam a2200000 a 4500 |
| 001 |
vtls008302967 |
| 003 |
SK-MaSNL |
| 005 |
20260302074207.0 |
| 008 |
240315s2004 xo g 000 0 slo |
| 015 |
|
|
|a SNBA2005/12-05256
|
| 020 |
|
|
|a 8080611823
|q (brož.)
|
| 040 |
|
|
|a SNK
|b slo
|c SNK
|e AACR2
|
| 041 |
0 |
|
|a slo
|
| 044 |
|
|
|a xo
|c SK
|
| 072 |
|
7 |
|a 821.162.4.09
|x Slovenská literatúra (o nej)
|2 konspekt
|
| 080 |
|
|
|a 82.09
|2 MDT-MRF
|
| 080 |
|
|
|a 070.4
|2 MDT-MRF
|
| 080 |
|
|
|a (082.21)
|2 MDT-MRF
|
| 080 |
|
|
|a 821.162.4-3
|2 MDT-MRF
|
| 100 |
1 |
|
|a Halvoník, Alexander,
|d 1945-
|4 aut
|9 103645
|
| 245 |
1 |
0 |
|a Premeny
|b slovenská próza na rozhraní storočí
|c Alexander Halvoník
|
| 250 |
|
|
|a 1. vyd.
|
| 260 |
|
|
|a [Bratislava]
|b Spolok slovenských spisovateľov
|c c2004
|
| 300 |
|
|
|a 238 s.
|c 21 cm
|
| 501 |
|
|
|a Miesto vyd. podľa ISBN
|
| 600 |
1 |
7 |
|a Halvoník, Alexander,
|d 1945-
|2 SNKPH
|9 103645
|
| 650 |
0 |
7 |
|a slovenská próza
|y 20.-21. stor.
|2 SNKPH
|9 329336
|
| 650 |
0 |
7 |
|a literárnovedné rozbory
|2 SNKPH
|9 241582
|
| 650 |
0 |
7 |
|a publicistika (literatúra)
|2 SNKPH
|9 68201
|
| 655 |
|
7 |
|a výbery
|2 SNKPH
|9 67620
|
| 919 |
|
|
|a 80-8061-182-3
|
| 968 |
|
|
|d 82
|
| 999 |
|
|
|c 1164056
|d 1165986
|
| 952 |
|
|
|a SNK
|b SNK
|y PREZ
|7 0
|p 17A0485418
|o snkSC 121500
|i snk2005/17056
|8 0
|0 0
|1 0
|4 0
|d 2005-10-14
|l 0
|r 2025-06-02 00:00:00
|w 2026-02-24
|
| 952 |
|
|
|a SNK
|b SNK
|y VYP
|7 0
|p 17A0485419
|o snkSC 121500 D1
|i snk2005/17058
|8 0
|0 0
|1 0
|4 0
|d 2005-10-14
|l 0
|r 2026-02-24 20:43:41
|w 2026-02-24
|